Doctrine of the Trinity (Record no. 2724)
[ view plain ]
| 000 -LEADER | |
|---|---|
| fixed length control field | 00605nam a2200241 a 4500 |
| 020 ## - INTERNATIONAL STANDARD BOOK NUMBER | |
| ISBN | |
| 082 00 - DEWEY DECIMAL CLASSIFICATION NUMBER | |
| Classification number | 231.044 |
| Author Cutter | ILL |
| 100 ## - MAIN ENTRY--AUTHOR NAME | |
| Author name | Illingworth, J R |
| 245 ## - TITLE STATEMENT | |
| Title | Doctrine of the Trinity |
| Sub title | Apologetically Considered |
| 260 ## - PUBLICATION, DISTRIBUTION, ETC. (IMPRINT) | |
| Place of publication | London |
| Name of publisher | Macmillan and Co. |
| Year of publication | 1909 |
| 300 ## - PHYSICAL DESCRIPTION | |
| Number of Pages | 267p |
| 500 ## - GENERAL NOTE | |
| General note | includes index and biblioraphy |
| 505 2# - FORMATTED CONTENTS NOTE | |
| Formatted contents note | Illustrative Notes |
| 650 ## - SUBJECT ADDED ENTRY--TOPICAL TERM | |
| Topical Term | Trinity |
| 942 ## - ADDED ENTRY ELEMENTS (KOHA) | |
| Koha item type | Books |
| 700 1# - | |
| -- | Illingworth, J R |
| Home library | Current library | Date acquired | Cost, normal purchase price | Full call number | Accession Number | Koha item type |
|---|---|---|---|---|---|---|
| Henry Martyn Institute Library | Henry Martyn Institute Library | 04/17/2008 | 100.00 | 231.044 ILL | 1408 | E-Books |
